[Event "I Open Praiascacchi"]
[Site "Praia a Mare ITA"]
[Date "2007.04.06"]
[Round "3"]
[White "Coristo, Giovanni"]
[Black "Vacchiano, Salvatore"]
[Result "1-0"]
[WhiteElo "1843"]
[BlackElo "1509"]
[PlyCount "57"]
[EventDate "2007.04.05"]

1. e4 e6 2. d3 d5 3. exd5 exd5 4. Qe2+ Qe7 5. Be3 Be6 6. Nf3 c5 7. d4 c4 8. Nc3
a6 9. g3 Nf6 10. Bg2 h6 11. O-O Qb4 12. a3 Qb6 13. Qd2 Bd6 14. Ne5 O-O 15. f4
Nbd7 16. f5 Nxe5 17. dxe5 Bc5 18. Bxc5 Qxc5+ 19. Qf2 Qxf2+ 20. Rxf2 Ng4 21. Rf4
d4 22. Nd1 g5 23. Rxg4 Bxf5 24. Rxd4 Bxc2 25. Rxc4 Bb3 26. Rb4 Bc2 27. Ne3 Bg6
28. Ng4 Rae8 29. Nf6+ 1-0

[Event "I Open Praiascacchi"]
[Site "Praia a Mare ITA"]
[Date "2007.04.06"]
[Round "3"]
[White "De Rasis, Giovanni"]
[Black "De Marco, Francesco"]
[Result "0-1"]
[WhiteElo "1560"]
[BlackElo "1848"]
[PlyCount "42"]
[EventDate "2007.04.05"]

1. d4 Nf6 2. c4 d6 3. Nc3 g6 4. e4 Bg7 5. Be2 O-O 6. f4 Na6 7. e5 Nd7 8. Nf3 c5
9. d5 dxe5 10. fxe5 Nxe5 11. Nxe5 Bxe5 12. Bh6 Re8 13. O-O e6 14. Qe1 exd5 15.
cxd5 Nb4 16. Rc1 Bf5 17. Kh1 a6 18. Qf2 Qc7 19. g4 Nd3 20. Bxd3 Bxd3 21. d6
Qc6+ 0-1

[Event "I Open Praiascacchi"]
[Site "Praia a Mare ITA"]
[Date "2007.04.06"]
[Round "3"]
[White "Familari, Giuseppe"]
[Black "Giaquinto, Sergio"]
[Result "1-0"]
[WhiteElo "1717"]
[BlackElo "1748"]
[PlyCount "87"]
[EventDate "2007.04.05"]

1. d4 Nf6 2. Nf3 b6 3. e3 Bb7 4. Nbd2 e6 5. Bd3 d5 6. b3 Bd6 7. Bb2 Nbd7 8. O-O
Qe7 9. Ne5 Bxe5 10. dxe5 Ne4 11. Bxe4 dxe4 12. Qg4 O-O-O 13. Nxe4 h5 14. Qf4 h4
15. h3 Rh5 16. Rfd1 Rf5 17. Qg4 g5 18. a4 Nxe5 19. Rxd8+ Qxd8 20. Bxe5 Rxe5 21.
Rd1 Qe7 22. Qh5 Rd5 23. Qh8+ Qd8 24. Qxd8+ Kxd8 25. Rxd5+ Bxd5 26. Nxg5 e5 27.
c4 Be6 28. Nxe6+ fxe6 29. e4 Kd7 30. g4 Ke7 31. Kf1 Kf6 32. Ke2 Kg5 33. Ke3 a5
34. c5 Kf6 35. cxb6 cxb6 36. Kd3 Kg5 37. Kc4 Kf4 38. f3 Kg3 39. g5 Kxh3 40. g6
Kg2 41. g7 h3 42. g8=Q+ Kxf3 43. Qg1 Kxe4 44. Qg4+ 1-0

[Event "I Open Praiascacchi"]
[Site "Praia a Mare ITA"]
[Date "2007.04.06"]
[Round "3"]
[White "Felisio, Antonio"]
[Black "Rizzuti, Pasquale"]
[Result "0-1"]
[WhiteElo "1464"]
[BlackElo "1835"]
[PlyCount "86"]
[EventDate "2007.04.05"]

1. d4 c5 2. e4 cxd4 3. Bc4 Nf6 4. Qxd4 Nc6 5. Qd3 Ne5 6. Qd4 d6 7. f4 Nxc4 8.
Qxc4 g6 9. Ne2 Bg7 10. O-O Qb6+ 11. Kh1 Be6 12. Qa4+ Bd7 13. Qb3 Nxe4 14. Qxb6
axb6 15. c3 Bb5 16. Re1 Nf2+ 17. Kg1 Nd3 18. Rd1 e5 19. Be3 Nxb2 20. Rxd6 Bxe2
21. Bxb6 Nc4 22. Bc5 Nxd6 23. Bxd6 O-O-O 24. Bxe5 Bxe5 25. fxe5 Rd1+ 26. Kf2
Bd3 27. Kg3 Re8 28. h4 Rxe5 29. a4 Rxb1 30. Rxb1 Bxb1 31. Kh2 h5 32. c4 Be4 33.
a5 Rxa5 34. c5 Ra2 35. c6 Rxg2+ 36. Kh3 Rg4 37. cxb7+ Bxb7 38. Kh2 Kc7 39. Kh3
Kd6 40. Kh2 Ke5 41. Kh3 Kf4 42. Kh2 Ke3 43. Kh3 Kf2 0-1

[Event "I Open Praiascacchi"]
[Site "Praia a Mare ITA"]
[Date "2007.04.06"]
[Round "3"]
[White "Gad, Ahmad"]
[Black "Paragliola, Gennaro"]
[Result "1-0"]
[WhiteElo "1784"]
[BlackElo "1451"]
[PlyCount "55"]
[EventDate "2007.04.05"]

1. e4 d6 2. d4 g6 3. Nc3 Bg7 4. f3 Nc6 5. Be3 e5 6. d5 Nce7 7. Qd2 f5 8. Bc4 f4
9. Bf2 b6 10. Nge2 a6 11. a4 Bd7 12. Qd3 Qc8 13. b3 Nf6 14. b4 O-O 15. Bb3 Kh8
16. g3 Bh6 17. gxf4 Bxf4 18. Nxf4 exf4 19. Ne2 g5 20. h4 g4 21. Nxf4 gxf3 22.
O-O-O Ng6 23. Nxg6+ hxg6 24. Rdg1 Ng4 25. Qd4+ Kh7 26. h5 g5 27. h6 Nxf2 28.
Qg7# 1-0

[Event "I Open Praiascacchi"]
[Site "Praia a Mare ITA"]
[Date "2007.04.06"]
[Round "3"]
[White "Messina, Oscar"]
[Black "Cassanese, Riccardo"]
[Result "0-1"]
[WhiteElo "1440"]
[BlackElo "1518"]
[PlyCount "64"]
[EventDate "2007.04.05"]

1. e4 c6 2. d3 d5 3. exd5 cxd5 4. Nf3 Nc6 5. Be3 e5 6. d4 Bg4 7. Be2 e4 8. Ne5
Bxe2 9. Qxe2 Qc7 10. Nxc6 bxc6 11. Nd2 Bd6 12. g3 Nf6 13. c4 O-O 14. c5 Be7 15.
O-O Qd7 16. Kg2 h6 17. f3 Rfe8 18. b3 exf3+ 19. Rxf3 Nh7 20. Rff1 Bg5 21. Rf3
Re7 22. Qf2 Rae8 23. Re1 Nf6 24. h4 Ng4 25. Qg1 Nxe3+ 26. Kh1 Qh3+ 27. Qh2
Qxh2+ 28. Kxh2 Ng4+ 29. Kh3 Rxe1 30. hxg5 h5 31. a4 R8e2 32. Nf1 Rxf1 0-1

[Event "I Open Praiascacchi"]
[Site "Praia a Mare ITA"]
[Date "2007.04.06"]
[Round "3"]
[White "Napoli, Nicolo'"]
[Black "Bottino, Alexiei"]
[Result "1-0"]
[WhiteElo "2266"]
[BlackElo "2043"]
[PlyCount "83"]
[EventDate "2007.04.05"]

1. e4 c5 2. c3 Nf6 3. e5 Nd5 4. d4 cxd4 5. Nf3 Nc6 6. cxd4 d6 7. Bc4 Nb6 8. Bb5
dxe5 9. Nxe5 Bd7 10. Nxd7 Qxd7 11. Nc3 e6 12. O-O Be7 13. Qg4 Kf8 14. Be3 h5
15. Qf3 h4 16. h3 g6 17. Rac1 Rh5 18. Rfd1 Rc8 19. Bd3 Kg7 20. Ne2 Nd5 21. Nf4
Nxf4 22. Qxf4 Nb4 23. Bc4 Rxc4 24. Rxc4 Bd6 25. Qf3 Nd5 26. Rdc1 Bb8 27. Rc8
Qd6 28. Qe4 Qh2+ 29. Kf1 Nxe3+ 30. fxe3 Rf5+ 31. Ke2 Bg3 32. Kd3 Bf2 33. Rd8
Rg5 34. Rd7 Qxg2 35. Qxg2 Rxg2 36. Rcc7 Bg1 37. Rxf7+ Kh6 38. Rf4 Rg3 39. Rxh4+
Kg5 40. Re4 Rxh3 41. Rxe6 Kf5 42. d5 1-0

[Event "I Open Praiascacchi"]
[Site "Praia a Mare ITA"]
[Date "2007.04.06"]
[Round "3"]
[White "Orenga, Antonio"]
[Black "Levato, Biagio"]
[Result "1/2-1/2"]
[WhiteElo "1440"]
[BlackElo "1495"]
[PlyCount "90"]
[EventDate "2007.04.05"]

1. e4 c5 2. Nf3 Nc6 3. c3 e6 4. d4 d5 5. exd5 exd5 6. Be3 c4 7. g3 Nf6 8. Bg2
Be7 9. O-O O-O 10. Re1 Re8 11. Nbd2 b5 12. a3 Ng4 13. Bg5 Bf5 14. Bxe7 Rxe7 15.
Rxe7 Qxe7 16. Qe1 Re8 17. Qxe7 Rxe7 18. Re1 Kf8 19. h3 Nf6 20. g4 Bd3 21. Rxe7
Kxe7 22. Ne1 Ne4 23. Nxd3 Nxd2 24. Nc5 Kd6 25. f4 Ne7 26. Kf2 f5 27. Ke3 Ne4
28. Nxe4+ fxe4 29. h4 g6 30. Bf1 Ke6 31. Bh3 a6 32. h5 Kf7 33. hxg6+ hxg6 34.
f5 g5 35. Bf1 Nc8 36. Be2 a5 37. Bd1 Nb6 38. Ke2 a4 39. Bc2 Nc8 40. Bd1 Ne7 41.
Ke3 Ng8 42. Kf2 Kf6 43. Kg3 Ne7 44. Kf2 Nc6 45. Ke3 Na5 1/2-1/2

[Event "I Open Praiascacchi"]
[Site "Praia a Mare ITA"]
[Date "2007.04.06"]
[Round "3"]
[White "Paese, Salvatore"]
[Black "Magli, Francesco"]
[Result "1-0"]
[WhiteElo "1396"]
[BlackElo "1479"]
[PlyCount "143"]
[EventDate "2007.04.05"]

1. e4 e5 2. Nf3 Nc6 3. Bb5 a6 4. Ba4 b5 5. Bb3 Nd4 6. Nxd4 exd4 7. d3 Bb4+ 8.
c3 dxc3 9. bxc3 Ba5 10. O-O Bb7 11. Qg4 g6 12. Bg5 f6 13. Qf3 Qe7 14. Bh4 g5
15. Bg3 O-O-O 16. Qe3 Bb6 17. Qe2 h5 18. h3 Re8 19. Nd2 Qh7 20. Kh1 Nh6 21. f3
Nf5 22. Bf2 Bxf2 23. Qxf2 g4 24. Bd5 c6 25. Bb3 g3 26. Qc5 Nh6 27. c4 Ng4 28.
Kg1 Qh6 29. f4 Nh2 30. cxb5 axb5 31. a4 Nxf1 32. Rxf1 Qf8 33. Qe3 Qb4 34. axb5
Kc7 35. bxc6 Bxc6 36. Rc1 Ra8 37. e5 Rhe8 38. Qxg3 Qxd2 39. Rc4 Rg8 40. Qf3
Ra1+ 41. Kh2 Rc1 42. Rxc6+ dxc6 43. Bxg8 fxe5 44. fxe5 Qg5 45. Qg3 Qxg3+ 46.
Kxg3 Rd1 47. Bc4 Re1 48. e6 Kd6 49. Kh4 Re2 50. g4 hxg4 51. Kxg4 Ke7 52. Kf3
Re5 53. Kf4 Rh5 54. Kg4 Rh6 55. h4 Kf6 56. h5 c5 57. Kh4 Ke7 58. Kg5 Rxe6 59.
Bxe6 Kxe6 60. h6 Kf7 61. Kf5 Kg8 62. Kg6 Kh8 63. Kf5 Kh7 64. Ke5 Kxh6 65. Kd5
Kg7 66. Kxc5 Kf7 67. Kd5 Ke7 68. Ke5 Kd7 69. d4 Kc7 70. d5 Kd7 71. d6 Ke8 72.
Ke6 1-0

[Event "I Open Praiascacchi"]
[Site "Praia a Mare ITA"]
[Date "2007.04.06"]
[Round "3"]
[White "Piccoli, Vincenzo"]
[Black "Mitkov, Kalin"]
[Result "1-0"]
[WhiteElo "1745"]
[BlackElo "1440"]
[PlyCount "121"]
[EventDate "2007.04.05"]

1. e4 c5 2. Nf3 e6 3. d4 cxd4 4. Nxd4 Nf6 5. Nc3 Bb4 6. f3 a6 7. Be3 Qc7 8.
Nde2 Nc6 9. a3 Be7 10. Ng3 d6 11. Bc4 O-O 12. O-O b5 13. Ba2 Bb7 14. f4 Na5 15.
Qe2 Rac8 16. Rad1 Nc4 17. Bxc4 Qxc4 18. Qxc4 Rxc4 19. Rd4 Rfc8 20. Rfd1 Ng4 21.
Bc1 d5 22. Rxc4 Rxc4 23. h3 Bc5+ 24. Kf1 Ne3+ 25. Bxe3 Bxe3 26. exd5 exd5 27.
Nxd5 Bxd5 28. Rxd5 g6 29. c3 Rxf4+ 30. Ke2 Bc1 31. b4 Rf6 32. Kd1 Bxa3 33. Rd2
Rc6 34. Ne2 f5 35. Ra2 Rd6+ 36. Kc2 Bxb4 37. cxb4 Kf7 38. Ra3 Kf6 39. Rd3 Rc6+
40. Rc3 Re6 41. Nd4 Re4 42. Kd3 Ke5 43. Nc2 Kd6 44. Rc8 Re6 45. Nd4 Re4 46.
Rd8+ Ke5 47. Re8+ Kf4 48. Ne2+ Kg5 49. Rxe4 fxe4+ 50. Kxe4 h5 51. g3 Kf6 52.
Nd4 Ke7 53. Nc6+ Kd6 54. Nb8 a5 55. bxa5 Kc7 56. Na6+ Kb7 57. Nc5+ Kc6 58. a6
Kb6 59. Kd4 b4 60. Kc4 b3 61. Kxb3 1-0

[Event "I Open Praiascacchi"]
[Site "Praia a Mare ITA"]
[Date "2007.04.06"]
[Round "3"]
[White "Russo, Biagio"]
[Black "Calomeni, Gianpaolo"]
[Result "0-1"]
[WhiteElo "1437"]
[BlackElo "1503"]
[PlyCount "100"]
[EventDate "2007.04.05"]

1. e4 e5 2. Bc4 Nf6 3. d3 Nc6 4. c3 Bc5 5. h3 O-O 6. Qf3 d6 7. Bg5 h6 8. Bxf6
Qxf6 9. Qxf6 gxf6 10. Nd2 Be6 11. Bxe6 fxe6 12. O-O-O Bxf2 13. Rf1 Be3 14. Rf3
Bxd2+ 15. Kxd2 Rad8 16. Ne2 d5 17. exd5 Rxd5 18. Kc2 Kf7 19. Rhf1 Ke7 20. Ng3
f5 21. Ne2 Rfd8 22. Rg3 Kf6 23. b3 a5 24. a3 b5 25. h4 b4 26. axb4 axb4 27. c4
Nd4+ 28. Nxd4 Rxd4 29. h5 Kf7 30. Rd1 Rg8 31. Rxg8 Kxg8 32. Rh1 Rg4 33. Rh2 Kf7
34. Kd2 Kf6 35. Ke2 Kg5 36. Kf3 Rh4 37. Rxh4 Kxh4 38. g3+ Kxh5 39. Kf2 Kg4 40.
Kg2 h5 41. Kf2 h4 42. gxh4 Kxh4 43. Kf3 Kg5 44. Kg3 f4+ 45. Kf3 Kf5 46. Ke2 Kg4
47. Kf2 f3 48. Kg1 Kg3 49. Kf1 f2 50. c5 c6 0-1

[Event "I Open Praiascacchi"]
[Site "Praia a Mare ITA"]
[Date "2007.04.06"]
[Round "3"]
[White "Simone, Leo"]
[Black "Gad, Alessandro"]
[Result "1-0"]
[WhiteElo "1772"]
[BlackElo "1440"]
[PlyCount "103"]
[EventDate "2007.04.05"]

1. Nf3 Nf6 2. d4 e6 3. Bg5 Be7 4. c4 d5 5. e3 O-O 6. Nc3 dxc4 7. Bxc4 c5 8.
dxc5 Qxd1+ 9. Rxd1 Bxc5 10. O-O Nc6 11. Bf4 b6 12. Bb5 Bb7 13. Bd6 Rfd8 14.
Bxc5 bxc5 15. b3 Nb4 16. Ne5 a6 17. Be2 a5 18. Rxd8+ Rxd8 19. Rd1 Rxd1+ 20.
Bxd1 Nfd5 21. Nxd5 Bxd5 22. a3 Na2 23. Nd7 c4 24. bxc4 Bxc4 25. Nb6 Bb5 26. Bb3
Nc3 27. Bc4 a4 28. Kf1 Kf8 29. Ke1 Ke7 30. f3 Kd6 31. Bxb5 Nxb5 32. Nxa4 Nxa3
33. Nc3 Kc5 34. Ne4+ Kd5 35. Ng5 Kc4 36. Nxf7 h6 37. g4 Kd3 38. Kf2 Nc4 39. e4
Kd4 40. h4 Ne5 41. Nxe5 Kxe5 42. Ke3 g5 43. h5 Kd6 44. f4 gxf4+ 45. Kxf4 Ke7
46. g5 e5+ 47. Kf5 hxg5 48. Kxg5 Kf7 49. Kf5 Kg7 50. Kxe5 Kh6 51. Kf6 Kxh5 52.
e5 1-0

[Event "I Open Praiascacchi"]
[Site "Praia a Mare ITA"]
[Date "2007.04.06"]
[Round "3"]
[White "Valotta, Massimiliano"]
[Black "Bellisario, Carlo"]
[Result "1-0"]
[WhiteElo "1889"]
[BlackElo "1619"]
[PlyCount "57"]
[EventDate "2007.04.05"]

1. e4 d6 2. d4 Nf6 3. Bd3 g6 4. h3 Bg7 5. Be3 c6 6. Nd2 Nbd7 7. g4 e5 8. f4
exd4 9. Bxd4 c5 10. Bc3 a6 11. Nc4 Qc7 12. Qf3 Rb8 13. e5 dxe5 14. fxe5 Ng8 15.
Nd6+ Kd8 16. Qxf7 Ne7 17. Qxg7 Rg8 18. Qxh7 Qc6 19. Be4 Qa4 20. e6 Nf8 21. Qh4
Nxe6 22. O-O-O Nd4 23. Bxd4 cxd4 24. Qf2 Qxa2 25. Qxd4 Qa1+ 26. Kd2 Qa5+ 27. b4
Qg5+ 28. Kc3 Kc7 29. Nb5+ 1-0

[Event "I Open Praiascacchi"]
[Site "Praia a Mare ITA"]
[Date "2007.04.07"]
[Round "4"]
[White "Bellisario, Carlo"]
[Black "Vacchiano, Salvatore"]
[Result "1-0"]
[WhiteElo "1619"]
[BlackElo "1509"]
[PlyCount "65"]
[EventDate "2007.04.05"]

1. c4 Nf6 2. Nc3 g6 3. g3 Bg7 4. Bg2 d6 5. Nf3 O-O 6. O-O c6 7. d3 Nbd7 8. Rb1
a5 9. e4 e5 10. Be3 Ng4 11. Bd2 Nc5 12. Qe2 f5 13. Bg5 Qc7 14. h3 Nf6 15. Rbd1
h6 16. Be3 fxe4 17. dxe4 Be6 18. Bxc5 dxc5 19. Nh4 Qf7 20. Na4 Bxc4 21. Qe3
Bxf1 22. Bxf1 c4 23. Nb6 Kh8 24. Bxc4 Qc7 25. Nxa8 Rxa8 26. Nxg6+ Kh7 27. Nh4
b5 28. Be6 Rd8 29. Rxd8 Qxd8 30. Bf5+ Kg8 31. Qb3+ Kf8 32. Ng6+ Ke8 33. Qe6+
1-0

[Event "I Open Praiascacchi"]
[Site "Praia a Mare ITA"]
[Date "2007.04.07"]
[Round "4"]
[White "Calomeni, Gianpaolo"]
[Black "Valotta, Massimiliano"]
[Result "0-1"]
[WhiteElo "1503"]
[BlackElo "1889"]
[PlyCount "118"]
[EventDate "2007.04.05"]

1. e4 c5 2. Nf3 e6 3. Nc3 d6 4. d4 cxd4 5. Nxd4 Nc6 6. Be3 Nf6 7. Be2 Be7 8.
O-O O-O 9. Qd2 Nxd4 10. Bxd4 e5 11. Be3 Ng4 12. Nd5 Nxe3 13. Qxe3 Be6 14. Bc4
b6 15. Rad1 Rc8 16. Bb3 Bxd5 17. Bxd5 Rxc2 18. Qb3 Qc7 19. f4 exf4 20. Rxf4 Bf6
21. Rff1 Qc5+ 22. Kh1 Rf2 23. Qg3 Rxf1+ 24. Rxf1 Bxb2 25. Qh4 Bf6 26. Qh3 Qb5
27. g3 Qd3 28. Kg1 a5 29. Kh1 b5 30. Kg1 b4 31. Qg4 Bd4+ 32. Kg2 Qc2+ 33. Kh1
Qc7 34. Rf3 g6 35. Kg2 Kg7 36. Kh3 f6 37. Qe6 Qc8 38. Qxc8 Rxc8 39. Be6 Rc3 40.
Rf1 h5 41. Rd1 Bc5 42. Kg2 a4 43. Rb1 g5 44. Bd5 Kg6 45. Be6 g4 46. Bf5+ Kf7
47. e5 dxe5 48. Rd1 Bd4 49. Kf1 Rf3+ 50. Ke2 Rxf5 51. Kd3 Rf3+ 52. Kc4 b3 53.
axb3 axb3 54. Rb1 b2 55. Kb4 e4 56. Kc4 Be5 57. Kb4 e3 58. h3 e2 59. h4 Rf1 0-1

[Event "I Open Praiascacchi"]
[Site "Praia a Mare ITA"]
[Date "2007.04.07"]
[Round "4"]
[White "Cassanese, Riccardo"]
[Black "Orenga, Antonio"]
[Result "0-1"]
[WhiteElo "1518"]
[BlackElo "1440"]
[PlyCount "108"]
[EventDate "2007.04.05"]

1. e4 e5 2. Nf3 Nc6 3. d4 exd4 4. Nxd4 d6 5. Nxc6 bxc6 6. Nc3 Nf6 7. Bc4 Be7 8.
O-O O-O 9. h3 Nd7 10. Bf4 Bf6 11. Qd2 Nc5 12. Rfe1 Ne6 13. Rad1 Bxc3 14. bxc3
Nxf4 15. Qxf4 Be6 16. Bb3 Qf6 17. Qxf6 gxf6 18. Rb1 Rab8 19. f4 Kg7 20. g4 h5
21. f5 Bd7 22. Kf2 hxg4 23. hxg4 Rh8 24. Rh1 Rxh1 25. Rxh1 c5 26. c4 a5 27. a4
Rb4 28. Ra1 Kh6 29. Ra3 Kg5 30. Kg3 Bc6 31. Kf3 Rb8 32. Ra1 Rh8 33. Kg3 Rh4 34.
Re1 Rxg4+ 35. Kf3 Rh4 36. Rg1+ Kh6 37. Rg4 Rxg4 38. Kxg4 Bxe4 39. Kf4 Bc6 40.
c3 Kh5 41. Bc2 Kh4 42. Bb3 Kh3 43. Bc2 Kg2 44. Be4+ Bxe4 45. Kxe4 Kg3 46. Kd5
Kf4 47. Kc6 Kxf5 48. Kb5 Ke5 49. Kxa5 f5 50. Kb5 f4 51. a5 f3 52. a6 f2 53. a7
f1=Q 54. a8=Q Qb1+ 0-1

[Event "I Open Praiascacchi"]
[Site "Praia a Mare ITA"]
[Date "2007.04.07"]
[Round "4"]
[White "De Marco, Francesco"]
[Black "Cordi', Domenico"]
[Result "0-1"]
[WhiteElo "1848"]
[BlackElo "2084"]
[PlyCount "136"]
[EventDate "2007.04.05"]

1. e4 c5 2. Nf3 d6 3. d4 cxd4 4. Nxd4 Nf6 5. Nc3 a6 6. Be2 e5 7. Nb3 Be7 8. Be3
Be6 9. h3 O-O 10. O-O b5 11. a3 Qc7 12. f4 Nbd7 13. Qe1 Rab8 14. Rd1 Rfd8 15.
Qg3 Kh8 16. Nd2 Bc4 17. Nxc4 bxc4 18. Bc1 exf4 19. Qxf4 Ne5 20. Kh1 Kg8 21. Qg3
Kh8 22. h4 Qb7 23. Nd5 Nxe4 24. Qf4 Nf6 25. Nxe7 Qxe7 26. Bxc4 Nh5 27. Qd4 Ng3+
28. Kg1 Nxc4 29. Qxc4 d5 30. Qg4 Nxf1 31. Rxf1 Rbc8 32. h5 h6 33. c3 Rc4 34.
Qg3 Re4 35. b4 Re8 36. Bd2 Re2 37. Qd3 Qe4 38. Qxe4 R8xe4 39. Rf2 Rxf2 40. Kxf2
Rh4 41. Ke3 Kg8 42. g3 Rc4 43. Kd3 Kf8 44. Bf4 Ke8 45. Be5 g6 46. Bf4 gxh5 47.
Bxh6 Kd7 48. Bg7 h4 49. gxh4 Rxh4 50. Bd4 Rh3+ 51. Kc2 Kc6 52. a4 Rh2+ 53. Kd3
Ra2 54. a5 Kb5 55. Bc5 Ra1 56. Kd4 Rd1+ 57. Ke5 Kc6 58. Bd4 Rf1 59. Bb6 Rf3 60.
Kd4 f6 61. Bd8 Rf4+ 62. Ke3 Re4+ 63. Kd3 f5 64. Bb6 f4 65. Bd4 f3 66. Be3 Kb5
67. Bc5 Re2 68. Be3 Ra2 0-1

[Event "I Open Praiascacchi"]
[Site "Praia a Mare ITA"]
[Date "2007.04.07"]
[Round "4"]
[White "Familari, Giuseppe"]
[Black "Coristo, Giovanni"]
[Result "0-1"]
[WhiteElo "1717"]
[BlackElo "1843"]
[PlyCount "54"]
[EventDate "2007.04.05"]

1. e4 c5 2. d4 cxd4 3. c3 dxc3 4. Nxc3 d6 5. Bc4 Nf6 6. e5 Nfd7 7. Nf3 Nb6 8.
Bxf7+ Kxf7 9. Ng5+ Kg8 10. Qf3 Qe8 11. e6 g6 12. Nf7 Bxe6 13. Nxh8 Kxh8 14. Be3
Nc6 15. Bxb6 axb6 16. Qe3 Qf7 17. Qxb6 Rb8 18. O-O Bg7 19. Nb5 Bc4 20. Rfc1
Bxb5 21. Qxb5 Nd4 22. Qc4 Qf4 23. g3 Qf3 24. Re1 Rf8 25. Rxe7 Be5 26. Rxe5 dxe5
27. h4 Qxf2+ 0-1

[Event "I Open Praiascacchi"]
[Site "Praia a Mare ITA"]
[Date "2007.04.07"]
[Round "4"]
[White "Gad, Alessandro"]
[Black "Minucci, Veronica"]
[Result "1-0"]
[WhiteElo "1440"]
[BlackElo "1362"]
[PlyCount "97"]
[EventDate "2007.04.05"]

1. e4 c5 2. Nc3 d6 3. d3 Nf6 4. g3 e5 5. Bg2 Nc6 6. f4 Be7 7. Nf3 O-O 8. O-O
Bg4 9. h3 Bxf3 10. Qxf3 Nd4 11. Qd1 Rc8 12. f5 g6 13. g4 Qb6 14. g5 Nh5 15. Nd5
Qd8 16. f6 Bxf6 17. Nxf6+ Nxf6 18. gxf6 Ne6 19. Qg4 Qb6 20. c4 Rfd8 21. h4 h5
22. Qg3 Kf8 23. Bh3 Re8 24. Qe3 Red8 25. Qh6+ Ke8 26. Bxe6 fxe6 27. f7+ Kd7 28.
f8=Q Rxf8 29. Rxf8 Rxf8 30. Qxf8 Kc6 31. Qe8+ Kc7 32. Qxg6 Kc6 33. Qxe6 Kc7 34.
Qf7+ Kc6 35. Qxh5 d5 36. Qg6+ Kc7 37. Qxb6+ axb6 38. exd5 Kd7 39. h5 Ke7 40. h6
Kf8 41. d6 Kf7 42. d7 Ke7 43. h7 Kxd7 44. h8=Q Kd6 45. Bg5 Ke6 46. Rf1 Kd6 47.
Rf6+ Kc7 48. Rf7+ Kd6 49. Qh6# 1-0

[Event "I Open Praiascacchi"]
[Site "Praia a Mare ITA"]
[Date "2007.04.07"]
[Round "4"]
[White "Giaquinto, Sergio"]
[Black "Grandinetti, Pietro"]
[Result "0-1"]
[WhiteElo "1748"]
[BlackElo "1639"]
[PlyCount "104"]
[EventDate "2007.04.05"]

1. e4 c5 2. Nf3 d6 3. c3 Nf6 4. Be2 Nc6 5. Qc2 g6 6. O-O Bg7 7. d4 cxd4 8. cxd4
O-O 9. Nc3 Bg4 10. Be3 Nd7 11. Rad1 a6 12. Qd2 Rc8 13. Ng5 Bxe2 14. Nxe2 Nf6
15. f3 b5 16. Ng3 Qa5 17. d5 Qxd2 18. Bxd2 Ne5 19. f4 Nc4 20. Bc1 Ng4 21. Rfe1
Bxb2 22. Bxb2 Nxb2 23. Rd2 Nc4 24. Rde2 Rc7 25. h3 h6 26. Nf3 Nf6 27. Nd4 Nd7
28. Nc6 Nb8 29. Nd4 Rfc8 30. f5 Ne5 31. h4 h5 32. fxg6 fxg6 33. Rf1 Nbd7 34.
Ref2 Rc1 35. Nge2 Rxf1+ 36. Rxf1 Nf6 37. Nc6 Nxc6 38. dxc6 Rxc6 39. Nf4 Kh7 40.
Nd5 Nxd5 41. exd5 Rc7 42. Rf8 Kg7 43. Ra8 Rc5 44. Rxa6 Rxd5 45. Ra5 Kf6 46. a4
Rd1+ 47. Kf2 bxa4 48. Rxa4 e5 49. g3 Rd4 50. Ra8 Rg4 51. Kf3 Ke6 52. Ra3 e4+
0-1

[Event "I Open Praiascacchi"]
[Site "Praia a Mare ITA"]
[Date "2007.04.07"]
[Round "4"]
[White "Levato, Biagio"]
[Black "De Rasis, Giovanni"]
[Result "0-1"]
[WhiteElo "1495"]
[BlackElo "1560"]
[PlyCount "54"]
[EventDate "2007.04.05"]

1. e4 c6 2. Nf3 d5 3. exd5 cxd5 4. d4 Nf6 5. Nc3 Bg4 6. Be2 e6 7. O-O Nc6 8.
Re1 Bb4 9. Qd3 Ne4 10. Ne5 Bf5 11. Qf3 Nxd4 12. Qh5 g6 13. Qh6 Qf6 14. Nf3 Bxc3
15. bxc3 Nxe2+ 16. Kf1 N2xc3 17. Bb2 Bg4 18. Qe3 Rc8 19. Nd4 Rc4 20. f3 Rxd4
21. Kg1 Rc4 22. fxe4 d4 23. Qg3 Ne2+ 24. Rxe2 Bxe2 25. Qb8+ Qd8 26. Qxb7 O-O
27. Qb3 Qc7 0-1

[Event "I Open Praiascacchi"]
[Site "Praia a Mare ITA"]
[Date "2007.04.07"]
[Round "4"]
[White "Magli, Francesco"]
[Black "Messina, Oscar"]
[Result "1-0"]
[WhiteElo "1479"]
[BlackElo "1440"]
[PlyCount "71"]
[EventDate "2007.04.05"]

1. d4 d5 2. c4 e6 3. e3 Nf6 4. Nc3 Bb4 5. Bd2 Nc6 6. Nf3 O-O 7. Bd3 dxc4 8.
Bxc4 Bd7 9. Qc2 Re8 10. O-O-O Bd6 11. Bd3 g6 12. h4 e5 13. Ne4 Bb4 14. a3 Bxd2+
15. Nexd2 Bg4 16. Rde1 Bxf3 17. gxf3 exd4 18. e4 Kg7 19. Reg1 h5 20. f4 Ng4 21.
Nf3 Ne7 22. e5 Qd5 23. Ng5 Qc6 24. Bc4 f5 25. exf6+ Qxf6 26. Re1 Qxf4+ 27. Kb1
Qxf2 28. Qxf2 Nxf2 29. Rhf1 Ng4 30. Rf7+ Kg8 31. Rfxe7+ Kf8 32. Rf7+ Kg8 33.
Ref1 Ne5 34. Rh7+ Nf7 35. Bxf7+ Kf8 36. Be6# 1-0

[Event "I Open Praiascacchi"]
[Site "Praia a Mare ITA"]
[Date "2007.04.07"]
[Round "4"]
[White "Marsiglia, Gennaro"]
[Black "Paese, Salvatore"]
[Result "1-0"]
[WhiteElo "1440"]
[BlackElo "1396"]
[PlyCount "87"]
[EventDate "2007.04.05"]

1. e4 e5 2. Bc4 Bc5 3. Nf3 Nc6 4. Nc3 Nf6 5. d3 h6 6. O-O d6 7. h3 Nd4 8. Na4
Nxf3+ 9. Qxf3 O-O 10. Nxc5 dxc5 11. Be3 b6 12. Qg3 Nh5 13. Qxe5 Nf6 14. Qg3 Nh5
15. Qf3 Nf6 16. e5 Be6 17. exf6 Qxf6 18. Qxf6 gxf6 19. Bxh6 Rfe8 20. Bb5 Re7
21. Bc6 Rd8 22. Rae1 Rd6 23. Bf3 Kh7 24. Bf8 Re8 25. Bxd6 cxd6 26. c4 Rg8 27.
g4 f5 28. Kh2 Rg6 29. gxf5 Bxf5 30. Rg1 Rh6 31. Bg4 Bxd3 32. b3 Rf6 33. Kg3 Rg6
34. Kf3 Rf6+ 35. Ke3 Bg6 36. f4 a5 37. h4 Kh8 38. Kf3 d5 39. cxd5 Rd6 40. h5
Bh7 41. Re8+ Bg8 42. Ke4 b5 43. Bf5 Rh6 44. Rgxg8# 1-0

[Event "I Open Praiascacchi"]
[Site "Praia a Mare ITA"]
[Date "2007.04.07"]
[Round "4"]
[White "Mercuri, Delia"]
[Black "Calomeni, Francesca"]
[Result "1-0"]
[WhiteElo "1415"]
[BlackElo "1356"]
[PlyCount "65"]
[EventDate "2007.04.05"]

1. e4 e5 2. Nf3 Nc6 3. Bc4 Nf6 4. Nc3 Bb4 5. d3 O-O 6. O-O d6 7. h3 h6 8. a3
Bxc3 9. bxc3 d5 10. Bxd5 Nxd5 11. exd5 Qxd5 12. c4 Qd8 13. Bb2 Re8 14. Re1 f6
15. Qd2 Bf5 16. Qc3 Qd6 17. Rad1 Rad8 18. Nd2 e4 19. dxe4 Bxe4 20. Nxe4 Qe5 21.
Qb3 Qe6 22. Nc3 Qxe1+ 23. Rxe1 Rxe1+ 24. Kh2 Kh7 25. Nd5 b6 26. Bc3 Re2 27. f3
Ne5 28. Bxe5 fxe5 29. Qd3+ e4 30. Qxe2 Re8 31. fxe4 Rd8 32. e5 Kg8 33. e6 1-0

[Event "I Open Praiascacchi"]
[Site "Praia a Mare ITA"]
[Date "2007.04.07"]
[Round "4"]
[White "Mitkov, Kalin"]
[Black "Felisio, Antonio"]
[Result "1-0"]
[WhiteElo "1440"]
[BlackElo "1464"]
[PlyCount "49"]
[EventDate "2007.04.05"]

1. e4 c5 2. Nf3 e6 3. d4 cxd4 4. Nxd4 Nf6 5. Nc3 a6 6. g3 Bc5 7. Bg2 O-O 8. O-O
Qc7 9. Bg5 Bxd4 10. Qxd4 Nc6 11. Qd2 Ne8 12. Rad1 f6 13. Bf4 Ne5 14. Bxe5 fxe5
15. Kh1 b5 16. Nd5 exd5 17. Qxd5+ Kh8 18. Qxa8 d6 19. f4 exf4 20. Rxf4 Rxf4 21.
gxf4 Qxc2 22. Rg1 h6 23. Bh3 Bxh3 24. Qxe8+ Kh7 25. Qg6+ 1-0

[Event "I Open Praiascacchi"]
[Site "Praia a Mare ITA"]
[Date "2007.04.07"]
[Round "4"]
[White "Paragliola, Gennaro"]
[Black "Russo, Biagio"]
[Result "1/2-1/2"]
[WhiteElo "1451"]
[BlackElo "1437"]
[PlyCount "58"]
[EventDate "2007.04.05"]

1. d4 Nf6 2. c4 c6 3. Nc3 e6 4. Bg5 d5 5. e3 Be7 6. Nf3 h6 7. Bh4 Nbd7 8. Bd3
b6 9. O-O c5 10. cxd5 Nxd5 11. Bxe7 Qxe7 12. Nxd5 exd5 13. Rc1 c4 14. Bb1 O-O
15. Qc2 g6 16. h3 f5 17. b3 b5 18. bxc4 dxc4 19. Rfd1 Bb7 20. Qe2 Bd5 21. g3
Kg7 22. Nh4 Qe6 23. Ng2 Qc6 24. Nf4 Bf3 25. Ne6+ Kf7 26. d5 Bxe2 27. dxc6 Bxd1
28. Nxf8 Nxf8 29. Rxd1 Rc8 1/2-1/2